=LDR 00000nam 2200000 4500 =001 INLIS000000000004528 =005 20250724030544 =035 ##$$a 0010-0725000339 =007 ta =008 250724###########################0#ind## =020 ##$$a - =082 ##$$a 100 =084 ##$$a 100 ATI a =245 1#$$a A REVIEW OF POPULATION PROJECTIONS AND THE FAMILY PLANNING PROGRAM IN INDONESIA 1980 -2000 (by the New Component Method) Second Edition : $b - /$c ATIONAL FAMILY PLANNING COORDINATING BOARD CENTER FOR INFORMATION AND DOCUMENTATION NET WORK OF THE NATIONAL FAMILY PLANNING PROGRAM =250 ##$$a Pertama =260 ##$$a Jakarta :$b ATIONAL FAMILY PLANNING COORDINATING BOARD CENTER FOR INFORMATION AND DOCUMENTATION NET WORK OF THE NATIONAL FAMILY PLANNING PROGRAM,$c 1998 =300 ##$$a 51 halaman : $b ilus ; $c 21 cm$e - =650 #4$$a Program KB =110 #$$a ATIONAL FAMILY PLANNING COORDINATING BOARD CENTER FOR INFORMATION AND DOCUMENTATION NET WORK OF THE NATIONAL FAMILY PLANNING PROGRAM =856 ##$$a Perpustakaan BKKBN